Normal view
MARC view
Entry Personal Name
001 - CONTROL NUMBER
- control field: 72352
003 - CONTROL NUMBER IDENTIFIER
- control field: dpl
005 - DATE AND TIME OF LATEST TRANSACTION
- control field: 20241004104007.0
008 - FIXED-LENGTH DATA ELEMENTS
- fixed length control field: 241004|| aca||aabn | a|a d
040 ## - CATALOGING SOURCE
- Original cataloging agency: dpl
- Transcribing agency: dpl
100 ## - HEADING--PERSONAL NAME
- Personal name: गुप्ता, मंजु
670 ## - SOURCE DATA FOUND
- Source citation: Work cat.: (dpl)205832: गुप्ता, मंजु , रोशनी का दस्तावेज़ /, 2001
